| 000 | 00578nam a22001937a 4500 | ||
|---|---|---|---|
| 003 | OSt | ||
| 005 | 20230929071814.0 | ||
| 008 | 150323b xxu||||| |||| 00| 0 eng d | ||
| 020 | _a0899708927 | ||
| 040 | _cDNLm | ||
| 082 | _aWM5 P959 1998 | ||
| 100 |
_aGoldman, Larry; Wise, Thomas N.; Brody, David S. _93244 |
||
| 245 | _aPsychiatry for Primary care Physicians | ||
| 260 |
_aUSA; _bAmerican Medical Association, _c1998 |
||
| 300 |
_axiii, 389 p : _bill; _c28 cm. |
||
| 504 | _aIncludes Bibliographical references and index. | ||
| 650 |
_aPsychiatry _9351 |
||
| 942 |
_2z _cSLOAN |
||
| 999 |
_c1199 _d1199 |
||